Algunos aspectos de la vida del Japón : (Record no. 1704)

MARC details
000 -CABECERA
campo de control de longitud fija 00675nam a2200205 a 4500
005 - FECHA Y HORA DE LA ÚLTIMA TRANSACCIÓN
campo de control 20210223120448.0
008 - ELEMENTOS DE LONGITUD FIJA--INFORMACIÓN GENERAL
campo de control de longitud fija 991125s1936 ve 000 0 spa u
035 ## - NÚMERO DE CONTROL DEL SISTEMA
Número de control de sistema UPN01000001704
049 ## - COLECCIÓN
Colección CG
050 #4 - SIGNATURA TOPOGRÁFICA DE LA BIBLIOTECA DEL CONGRESO
Número de clasificación HC462
Número de documento/Ítem A5.2
100 1# - ASIENTO PRINCIPAL--NOMBRE PERSONAL
Nombre de persona Alonzo Romero, Miguel,
Fechas asociadas al nombre 1887-1964
9 (RLIN) 30695
245 10 - MENCIÓN DE TÍTULO
Título Algunos aspectos de la vida del Japón :
Resto del título de seis años en el Asia /
Mención de responsabilidad, etc. M. Alonzo Romero.
260 ## - PUBLICACIÓN, DISTRIBUCIÓN, ETC.
Lugar de publicación, distribución, etc. Caracas, Ven. :
Nombre del editor, distribuidor, etc. Elite,
Fecha de publicación, distribución, etc. 1936.
300 ## - DESCRIPCIÓN FÍSICA
Extensión 353 p.
500 ## - NOTA GENERAL
Nota general Disponible en la Colección Medina
651 #4 - ASIENTO SECUNDARIO DE MATERIA - NOMBRE GEOGRAFICO
Nombre geográfico JAPON -
Subdivisión general CONDICIONES ECONOMICAS
9 (RLIN) 26265
651 #4 - ASIENTO SECUNDARIO DE MATERIA - NOMBRE GEOGRAFICO
Nombre geográfico JAPON -
Subdivisión general CONDICIONES SOCIALES
651 #4 - ASIENTO SECUNDARIO DE MATERIA - NOMBRE GEOGRAFICO
Nombre geográfico JAPON -
Subdivisión general VIDA SOCIAL Y COSTUMBRES
9 (RLIN) 20914
905 ## - TIPO DE MATERIAL
Tipo de material Libro
Holdings
Estado de retiro Estado de pérdida Fuente del sistema de clasificación o colocación Estado dañado No para préstamo Código de colección Localización permanente Ubicación/localización actual Ubicación en estantería Fecha de adquisición Clasificación Código de barras Fecha visto por última vez Número de copia Tipo de ítem Koha
    Library of Congress Classification   Disponible (Préstamo en sala) Colección Medina Bib. Gregorio Torres Quintero Bib. Gregorio Torres Quintero Colecciones especiales Planta alta 30/01/2023 HC462 A5.2 100951 31/12/2020 1 Libro